000 00620nam a2200229 i 4500
001 bg
100 1 _aPETERSON, Michael Todd
245 1 0 _a3D Studio MAX 3 fundamentals /
_cMichael Todd Peterson ; cover art by Steve Burke.
260 _aIndianapolis :
_bNew Riders,
_c1999.
300 _aXV, 574 s. :
_bil. ;
_c23 cm +
_eCD ROM.
504 _aIndeks.
650 9 _a3D Studio
655 _aPodręczniki
700 1 _aBURKE, Steve
020 _a0735700494
040 _cBPK
041 0 _aen
080 _a004.42:004.4'27
920 _a0-7357-0049-4
942 _cKS
008 s pl f |000 0 pol
999 _c36863
_d36863